Problém zastupiteľnosti obalového vyhodnocovacieho systému systémom stredným pri určovaní odchýľky od priamosti z malého počtu nameraných bodov /
Saved in:
| Main Author: | |
|---|---|
| Format: | Manuscript Book |
| Language: | Slovak |
| Published: |
Bratislava :
SVŠT v Bratislave SjF,
1978
|
| Tags: |
No Tags, Be the first to tag this record!
|
MARC
| LEADER | 00000ntm a22000003a 4500 | ||
|---|---|---|---|
| 001 | stu30947 | ||
| 005 | 20150617225734.7 | ||
| 008 | 930205s1978----xo------------------slo-d | ||
| 040 | |a STU |b slo | ||
| 041 | 0 | |a slo | |
| 044 | |a xo | ||
| 080 | |a 621.9.08 | ||
| 100 | 1 | |a Krsek, Aleš, |d 1940- |4 aut |u J120 |U SjF Ústav výrobných systémov, enviromentálnej techniky a manažment kvality |T SjF Katedra výrobných systémov |X 2458 |U J120 |Y 38 |7 A000002458 | |
| 245 | 1 | |a Problém zastupiteľnosti obalového vyhodnocovacieho systému systémom stredným pri určovaní odchýľky od priamosti z malého počtu nameraných bodov / |c [aut.] Krsek,Aleš | |
| 260 | |a Bratislava : |b SVŠT v Bratislave SjF, |c 1978 | ||
| 300 | |a 135 s | ||
| 996 | |b J87521 |c J*87521 |l JJSK |s A |a 24 |w stu30947_0001 | ||